Bilecik Bilecik Bilecik Bilecik Bilecik

Türk kütüphaneleri tarihi II : (Record no. 22706)

MARC details
000 -BAŞLIK
Sabit Uzunluktaki Kontrol Alanı 00985nam a22002897a 4500
001 - KONTROL NUMARASI
Control Dosyası 0022750
003 - KONTROL NUMARASI KİMLİĞİ
Kontrol Alanı KOHA_MİRAKIL
005 - EN SON İŞLEM TARİHİ ve ZAMANI
Kontrol Alanı 20260207002353.0
007 - FİZİKSEL TANIM SABİT ALAN - GENEL BİLGİ
Sabit uzunluklu kontrol alanı ta
008 - SABİT UZUNLUKTAKİ VERİ ÖGELERİ - GENEL BİLGİ
Sabit Alan 101011b1988 tu |||gr||||#||||0|tur |
020 ## - ISBN - ULUSLARARASI STANDART KİTAP NUMARASI
Isbn 9751600375
Nitelik bilgileri 9751600383
040 ## - KATALOGLAMA KAYNAĞI
Özgün Kataloglama Kurumu TR-BiSEU
Kataloglama Dili tur
Çeviri Kurumu TR-BiSEU
Açıklama Kuralları rda
041 0# - DİL KODU
Metin ya da ses kaydının dil kodu tur
044 ## - YAYINLAYAN/ÜRETEN KURULUŞUN ÜLKE KODU
ISO country code tu
050 ## - SINIFLAMA ve YER NUMARASI
Sınıflama Numarası Z845.T9
Yer Numarası E78 1988
100 1# - KİŞİ ADI
Yazar Adı (Kişi adı) Erünsal, İsmail E..
245 1# - ESER ADI BİLDİRİMİ
Başlık Türk kütüphaneleri tarihi II :
Alt Eseradı vb. Kuruluştan Tanzimat'a kadar Osmanlı vakıf kütüphaneleri/
Sorumluluk Bildirimi İsmail E. Erünsal ; İsmail E. Erünsal.
264 #1 - ÜRERİM, YAYIN, DAĞITIM ve TELİF BİLDİRİMİ
Yayın yeri Ankara :
Yayınlayan Atatürk Kültür Merkezi Yayınları
Yayın tarihi 1988
300 ## - FİZİKSEL TANIMLAMA
Sayfa, Cilt vb. xviii, 344, [7] sayfa; 24 cm.
336 ## - İÇERİK TÜRÜ
Content type term metin
Content type code txt
Source rdacontent
337 ## - MEDYA TÜRÜ
Media type term aracısız
Media type code n
Source rdamedia
338 ## - TAŞIYICI TÜRÜ
Carrier type term cilt
Carrier type code nc
Source rdacarrier
490 1# - DİZİ BİLDİRİMİ
Dizi Bildirimi Atatürk Kültür Merkezi yayını ;
Cilt Numarası 22
650 #0 - KONU BAŞLIĞI EK GİRİŞ - KONU TERİMİ
Konusal terim veya coğrafi ad Libraries--Turkey--History.
9 (RLIN) 47403
830 1# - SERİ EK GİRİŞİ - TEKBİÇİM ESER ADI
Tekbiçim Başlık Atatürk Kültür Merkezi yayını ;
Volume number/sequential designation 22
9 (RLIN) 6684
942 ## - EK GİRİŞ ÖGELERİ (KOHA)
Source of classification or shelving scheme Library of Congress Classification
Koha item type Book
Holdings
Materyal Türü Kalıcı Konum Mevcut Konum Raf Yeri Sınıflandırma Kaynağı Edinim Bilgisi Ana Konular Alt Konular Yer Numarası Cilt Bilgisi Demirbaş Numarası Fatura Tarihi Geri Çekilme Durumu Kayıp Durumu Hasarlı Durumu Kredi için değil Kayıt Tarih Toplam Ödünçverme Son Görülme Tarihi Son Kontrol Tarihi Genel / Bağış Notu
Book Prof. Dr. Azmi Özcan Kütüphanesi Prof. Dr. Azmi Özcan Kütüphanesi Birûni Salonu Library of Congress Classification Bağış BİBLİYOGRAFYA, KÜTÜPHANE BİLİMİ Kitaplar (Genel), Yazı, Kütüphaneler, Bibliyografya Z845.T9 E78 1988 c.2 0022750 02/02/2026         11/10/2010 4 07/05/2025 07/05/2025 Genel Bağış